| 000 | 00649nam a2200205Ia 4500 | ||
|---|---|---|---|
| 003 | GCL | ||
| 008 | 140319s9999 xx 000 0 ara d | ||
| 040 |
_aGCL / _cGCL |
||
| 082 | 0 | 4 |
_a880 _bف ع |
| 100 | 1 | _aمحمد سليم سالم (مراجع) | |
| 245 | 1 | 0 |
_aعالم اوديسيوس / _cمحمد سليم سالم (مراجع) |
| 700 | 1 | _aحلمى عبدالواحد خضره | |
| 700 | 1 | _aفينلى، م.ا | |
| 300 | _a204 ص | ||
| 490 |
_aالالف كتاب _v0 |
||
| 650 | 0 | 4 | _aالملاحم |
| 650 | 0 | 4 | _aالادب اليونانى القديم |
| 650 | 0 | 4 | _aالشعر اليونانى , تاريخ ونقد |
| 942 |
_2ddc _cBK |
||
| 999 |
_c45812 _d45812 |
||